000 00356nam a2200157 a 4500
003 DLC
005 20210219152743.0
022 _a0101-3823
035 _aUPN01000059974
245 0 0 _aEDUCACAO E SELECAO
260 _aBrasil
_bFundacao Carlos Chagas
310 _aSemestral
653 0 _aSELECCION DE ESTUDIANTES
905 _aRevista
999 _c59838
_d59838